[Event "Schalksmühle- Bergische SF"]
[Site "?"]
[Date "2023.02.19"]
[Round "5.6"]
[White "Kaemper, Ralph"]
[Black "Gutt, Oswald"]
[Result "1-0"]
[WhiteElo "2032"]
[BlackElo "1915"]
[PlyCount "85"]
[SourceVersionDate "2023.06.22"]

1. d4 d5 2. Nf3 Nf6 3. Bf4 g6 4. c3 Bg7 5. h3 O-O 6. e3 b6 7. Bd3 Bb7 8. Nbd2
Nbd7 9. O-O c5 10. b4 Ne4 11. Bxe4 dxe4 12. Ng5 cxb4 13. cxb4 Nf6 14. Qb1 Qd5
15. h4 h6 16. Nh3 Rac8 17. Qb2 Qh5 18. Bg3 g5 19. hxg5 hxg5 20. Qa3 a6 21. b5
Rfe8 22. bxa6 Bd5 23. Rfc1 Rxc1+ 24. Rxc1 Qe2 25. Nf1 Bxa2 26. a7 Bd5 27. Bb8
Ba8 28. Qb3 Nd5 29. Nxg5 Qg4 30. Nh3 Bh6 31. Qb5 Rf8 32. Ng3 Kh7 33. Kh2 Rg8
34. Re1 f6 35. Qe2 Qe6 36. Qh5 b5 37. Nf5 Rg6 38. Nf4 Nxf4 39. Bxf4 Rg5 40.
Qxh6+ Kg8 41. Bxg5 Qxf5 42. Qh3 Qxg5 43. Qc8+ 1-0

[Event "Bonn- Brühl"]
[Site "?"]
[Date "2023.02.19"]
[Round "5.1"]
[White "Loifenfeld, Jakov"]
[Black "Haag, Martin"]
[Result "1/2-1/2"]
[WhiteElo "2387"]
[BlackElo "2224"]
[PlyCount "45"]
[SourceVersionDate "2023.06.22"]

1. d4 d5 2. c4 e6 3. Nf3 c5 4. cxd5 exd5 5. Nc3 Nf6 6. Bg5 Be6 7. e4 Be7 8.
Bb5+ Nc6 9. Bxf6 Bxf6 10. exd5 Bxd5 11. Qe2+ Be6 12. dxc5 O-O 13. Bxc6 Bxc3+
14. bxc3 bxc6 15. O-O Re8 16. Qa6 Bd5 17. Nd4 Qg5 18. g3 h5 19. h4 Qg4 20. Kh2
Qe4 21. Rg1 Rab8 22. Qa3 Qd3 23. Qc1 1/2-1/2

[Event "Bonn- Brühl"]
[Site "?"]
[Date "2023.02.19"]
[Round "5.2"]
[White "Hoppe, Thilo"]
[Black "Keller, Thomas"]
[Result "1/2-1/2"]
[WhiteElo "2116"]
[BlackElo "2241"]
[PlyCount "45"]
[SourceVersionDate "2023.06.22"]

1. d4 Nf6 2. c4 e6 3. Nf3 c5 4. d5 b5 5. dxe6 fxe6 6. cxb5 d5 7. g3 Bd6 8. Bg2
O-O 9. O-O Nbd7 10. Nbd2 Qb6 11. a4 a6 12. a5 Qxb5 13. e4 Bb7 14. Re1 Ng4 15.
Nd4 cxd4 16. Qxg4 Rae8 17. exd5 Ne5 18. Qd1 Bxd5 19. Ne4 Bb4 20. Bd2 Rd8 21.
Bxb4 Qxb4 22. Ra4 Qxb2 23. Qxd4 1/2-1/2

[Event "Bonn- Brühl"]
[Site "?"]
[Date "2023.02.19"]
[Round "5.3"]
[White "Gramb, Marius"]
[Black "Lorenz, Roger"]
[Result "1-0"]
[WhiteElo "2159"]
[BlackElo "2180"]
[PlyCount "79"]
[SourceVersionDate "2023.06.22"]

1. e4 e6 2. d4 d5 3. Nd2 c5 4. Ngf3 cxd4 5. Nxd4 Nc6 6. Bb5 Bd7 7. Nxc6 bxc6 8.
Bd3 Bd6 9. Qe2 Qc7 10. Nf3 f6 11. c4 Ne7 12. O-O O-O 13. Bd2 Rfe8 14. Bc3 e5
15. cxd5 cxd5 16. exd5 Nxd5 17. Bxh7+ Kxh7 18. Qe4+ g6 19. Qxd5 Bc6 20. Qc4 Qb7
21. Rad1 Rad8 22. Ba5 Rd7 23. Rd2 Bb8 24. Rfd1 Rde7 25. Bd8 Rf7 26. Rc2 Bxf3
27. gxf3 Kg7 28. Qc6 Qxc6 29. Rxc6 e4 30. Rc8 Rb7 31. Bxf6+ Kf7 32. Rxe8 Kxe8
33. fxe4 Kf7 34. Bc3 Ke6 35. Kg2 Rh7 36. h3 Rh5 37. Rd5 Rh4 38. f3 Rh7 39. Rg5
Kf7 40. Rb5 1-0

[Event "Bonn- Brühl"]
[Site "?"]
[Date "2023.02.19"]
[Round "5.4"]
[White "Decker, Nils"]
[Black "Spilles, Matthias"]
[Result "1-0"]
[WhiteElo "2092"]
[BlackElo "2104"]
[Annotator "daniel"]
[PlyCount "75"]
[SourceVersionDate "2023.06.22"]

1. e4 e6 2. d4 d5 3. Nc3 Nf6 4. e5 Nfd7 5. Nce2 c5 6. c3 Nc6 7. f4 Be7 8. Nf3
O-O 9. a3 f6 10. b4 fxe5 11. fxe5 Bh4+ 12. Ng3 cxd4 13. cxd4 Nb6 14. Bd3 $11
Bd7 15. O-O Bxg3 16. hxg3 Qe8 17. g4 Ne7 18. Qe2 Nc4 19. Be3 Nxe3 20. Qxe3 Bb5
21. Ng5 Rxf1+ 22. Rxf1 Bxd3 23. Qxd3 Ng6 24. Nf7 Qe7 25. Nd6 Qg5 26. Nxb7 Qxg4
27. Qe3 Nh4 28. Qf2 h6 29. Nc5 Kh7 30. Nxe6 Nxg2 31. Qf5+ Qxf5 32. Rxf5 Re8 33.
Nxg7 Kxg7 34. Kxg2 Rc8 35. e6 Rc2+ 36. Kf3 Rc6 37. Re5 Kf6 38. e7 1-0

[Event "Bonn- Brühl"]
[Site "?"]
[Date "2023.02.19"]
[Round "5.5"]
[White "Schaefer, Juergen"]
[Black "Gikas, Andreas"]
[Result "1/2-1/2"]
[WhiteElo "2146"]
[BlackElo "2157"]
[PlyCount "30"]
[SourceVersionDate "2023.06.22"]

1. e4 c5 2. Nc3 e6 3. f4 a6 4. Nf3 b5 5. Qe2 Bb7 6. d3 Nc6 7. g3 Nd4 8. Nxd4
cxd4 9. Nd1 Rc8 10. c3 Bc5 11. cxd4 Bxd4 12. Be3 Qa5+ 13. Qd2 Qb6 14. Qf2 Qa5+
15. Qd2 Qb6 1/2-1/2

[Event "Bonn- Brühl"]
[Site "?"]
[Date "2023.02.19"]
[Round "5.6"]
[White "Rosskothen, Arnd"]
[Black "Haskelman, Evgen"]
[Result "1-0"]
[WhiteElo "2111"]
[BlackElo "2138"]
[PlyCount "75"]
[SourceVersionDate "2023.06.22"]

1. d4 f5 2. Bg5 g6 3. Nc3 d5 4. e3 Bg7 5. Qf3 c6 6. O-O-O Nf6 7. h4 Ne4 8. Nxe4
dxe4 9. Qg3 Be6 10. Bf4 Nd7 11. h5 Qa5 12. a3 b5 13. Ne2 b4 14. axb4 Qa1+ 15.
Kd2 Qxb2 16. Nc3 Qxb4 17. Rb1 Qa5 18. Bc7 Nb6 19. hxg6 h6 20. Be2 f4 21. Qxf4
Rf8 22. Qg3 Qf5 23. Bxb6 axb6 24. Rxb6 Rc8 25. Rh4 Qxf2 26. Nxe4 Qxg3 27. Nxg3
Rf2 28. Nh5 Bf6 29. Nxf6+ exf6 30. Ke1 Rxg2 31. Rxh6 Kf8 32. Rb7 Bg8 33. Kf1
Rg5 34. g7+ Rxg7 35. Rxf6+ Rf7 36. Rbxf7+ Bxf7 37. Bc4 Rc7 38. Kf2 1-0

[Event "Bonn- Brühl"]
[Site "?"]
[Date "2023.02.19"]
[Round "5.7"]
[White "Heuser, Friedhelm"]
[Black "Gaul, Alexander"]
[Result "1-0"]
[WhiteElo "1993"]
[BlackElo "1955"]
[PlyCount "63"]
[SourceVersionDate "2023.06.22"]

1. e4 c6 2. d4 d5 3. exd5 cxd5 4. c4 Nf6 5. Nc3 Nc6 6. Bf4 e6 7. c5 Be7 8. Nf3
O-O 9. a3 Ne4 10. Rc1 a5 11. Na4 f6 12. Nb6 Ra7 13. Be2 g5 14. Be3 f5 15. Ne5
f4 16. Nxc6 bxc6 17. Bd2 e5 18. Nxc8 Qxc8 19. dxe5 Bxc5 20. O-O Bd4 21. Bb4
Bxf2+ 22. Rxf2 Nxf2 23. Qa4 Nh3+ 24. gxh3 Qxh3 25. Bc5 Raf7 26. Bf2 Qf5 27. Qd4
Re7 28. Rxc6 Rxe5 29. Rc7 Qf6 30. Bf3 Qf5 31. Bxd5+ Kh8 32. Re7 1-0

[Event "Bonn- Brühl"]
[Site "?"]
[Date "2023.02.19"]
[Round "5.8"]
[White "Von der Lippe, Hans- Bernd"]
[Black "Dilger, Jan"]
[Result "0-1"]
[WhiteElo "1911"]
[BlackElo "1896"]
[PlyCount "72"]
[SourceVersionDate "2023.06.22"]

1. d4 Nf6 2. Nf3 d5 3. e3 Bg4 4. h3 Bh5 5. g4 Bg6 6. Ne5 Nbd7 7. h4 h5 8. Nxg6
fxg6 9. g5 Ne4 10. Bd3 Qb8 11. f3 Nd6 12. Bxg6+ Kd8 13. e4 e5 14. f4 exd4 15.
e5 Nc4 16. e6 Nc5 17. Qxd4 c6 18. e7+ Bxe7 19. Qxg7 Rf8 20. Kd1 Ne6 21. Qh7
Nxf4 22. Re1 Nxg6 23. Qxg6 Qg3 24. Qe6 Bc5 25. g6 Qf3+ 26. Re2 Kc7 27. Nd2 Nxd2
28. Qe5+ Bd6 29. Qg7+ Kb6 30. Bxd2 Rae8 31. Qd4+ Kc7 32. Qd3 Rxe2 33. Qxe2 Qh1+
34. Be1 Rf1 35. Kd2 Bf4+ 36. Kd3 Qh3+ 0-1

[Event "Godesberg 2- Plettenberg"]
[Site "?"]
[Date "2023.02.19"]
[Round "5.1"]
[White "Schulze, Marc"]
[Black "Mantau, Jan"]
[Result "1/2-1/2"]
[WhiteElo "2172"]
[BlackElo "2166"]
[Annotator "daniel"]
[PlyCount "105"]
[SourceVersionDate "2023.06.22"]

1. Nf3 Nf6 2. g3 g6 3. b3 Bg7 4. Bb2 c5 5. Bg2 O-O 6. O-O Nc6 7. c4 d6 8. d4
Bg4 9. d5 Bxf3 10. Bxf3 Ne5 11. Bg2 Nfg4 12. Nd2 f5 13. h3 Nh6 14. f4 Nf3+ 15.
Nxf3 Bxb2 16. Rb1 Bf6 17. Qd3 Qa5 18. a4 a6 19. e4 fxe4 20. Qxe4 Nf5 21. g4 Nd4
$11 22. g5 Nxf3+ 23. Rxf3 Bd4+ 24. Kh2 Qd2 25. h4 Rf7 26. Rbf1 Raf8 27. Kh1 Kh8
28. Bh3 b6 29. Be6 Rg7 30. f5 Be5 31. R3f2 Qc3 32. fxg6 Rxf2 33. Rxf2 hxg6 34.
Rf3 Qc1+ 35. Kg2 Bd4 36. Rf1 Qb2+ 37. Kh1 Be5 38. Qg2 Qd4 39. Rf3 Qd1+ 40. Qf1
Qc2 41. Qf2 Qe4 42. Kg2 Bd4 43. Qf1 Rh7 44. Qd3 Rxh4 45. Qxe4 Rxe4 46. Rf8+ Kh7
47. Rf7+ Kh8 48. Rf8+ Kh7 49. Rb8 Re5 50. Rxb6 Rxg5+ 51. Kf3 a5 52. Rb7 Kg7 53.
Rxe7+ 1/2-1/2

[Event "Godesberg 2- Plettenberg"]
[Site "?"]
[Date "2023.02.19"]
[Round "5.2"]
[White "Wecker, Martin"]
[Black "Kraemer, Roland"]
[Result "1/2-1/2"]
[WhiteElo "2144"]
[BlackElo "2015"]
[PlyCount "101"]
[SourceVersionDate "2023.06.22"]

1. Nf3 Nf6 2. c4 g6 3. g3 Bg7 4. Bg2 O-O 5. O-O d6 6. d4 Nbd7 7. Nc3 e5 8. e4
exd4 9. Nxd4 Re8 10. h3 a6 11. Rb1 Rb8 12. Re1 c5 13. Nc2 Ne5 14. b3 Be6 15. f4
Nc6 16. Qd3 Qa5 17. Bd2 Qc7 18. Rbd1 Rbd8 19. Be3 Qa5 20. Bd2 Qc7 21. Nd5 Bxd5
22. cxd5 Na5 23. Rc1 c4 24. bxc4 Nxc4 25. Ne3 b5 26. Nxc4 bxc4 27. Rxc4 Qb6+
28. Kh2 Rb8 29. Rec1 Qf2 30. Be3 Qxa2 31. Bd4 Rb3 32. Qc2 Qxc2 33. R1xc2 h5 34.
Bf2 a5 35. Ra4 Rb4 36. Rxa5 Nxe4 37. Bxe4 Rbxe4 38. Ra6 g5 39. Rxd6 gxf4 40.
gxf4 Rxf4 41. Rdc6 Be5 42. Bg3 Rd4 43. Rg2 Kf8 44. Bxe5 Rxe5 45. d6 f5 46. Rc8+
Kf7 47. Rc7+ Kf6 48. Rh7 Red5 49. Rxh5 Rxd6 50. Rf2 R6d5 51. Rh8 1/2-1/2

[Event "Godesberg 2- Plettenberg"]
[Site "?"]
[Date "2023.02.19"]
[Round "5.3"]
[White "Nhan, Jinhon Raymon"]
[Black "Mittmann, Johannes"]
[Result "1-0"]
[WhiteElo "1486"]
[BlackElo "2110"]
[PlyCount "89"]
[SourceVersionDate "2023.06.22"]

1. d4 d5 2. Nf3 Nf6 3. g3 Bf5 4. Bg2 e6 5. O-O Be7 6. c4 c6 7. Nc3 h6 8. b3 O-O
9. Bb2 Nbd7 10. Nd2 Re8 11. e4 dxe4 12. Ndxe4 Qa5 13. Qe2 Rad8 14. Rfd1 a6 15.
h3 Bg6 16. a3 Bf8 17. Rac1 Rc8 18. b4 Qd8 19. Qf1 b5 20. Nc5 Nb6 21. cxb5 axb5
22. Nb7 Qd7 23. Na5 Nfd5 24. Ne4 Na4 25. Ba1 Bxe4 26. Bxe4 Nab6 27. Bg2 Bd6 28.
Qd3 Rc7 29. Bb2 Rec8 30. Rd2 Nxb4 31. axb4 Bxb4 32. Nxc6 Rxc6 33. Bxc6 Rxc6 34.
Rdc2 Rxc2 35. Qxc2 Nc4 36. Qb3 Bf8 37. Bc3 Qd5 38. Bb4 Qg5 39. Ra1 Bxb4 40.
Qxb4 g6 41. Qc5 Nd2 42. Ra8+ Kg7 43. Qf8+ Kf6 44. Qh8+ Kf5 45. Qe5# 1-0

[Event "Godesberg 2- Plettenberg"]
[Site "?"]
[Date "2023.02.19"]
[Round "5.4"]
[White "Luebsen, Keno"]
[Black "Nhan, Jiehou"]
[Result "1-0"]
[WhiteElo "2115"]
[BlackElo "1442"]
[PlyCount "77"]
[SourceVersionDate "2023.06.22"]

1. d4 Nf6 2. c4 g6 3. g3 Bg7 4. Bg2 O-O 5. Nc3 c6 6. e4 d6 7. Nf3 Bg4 8. h3
Bxf3 9. Bxf3 Nbd7 10. O-O e5 11. Be3 exd4 12. Bxd4 c5 13. Be3 Ne5 14. Be2 h5
15. Qd2 a6 16. Rad1 Qd7 17. Qxd6 Qxh3 18. Qxe5 Nh7 19. Qf4 Bf6 20. Qf3 Kg7 21.
Bxc5 Rh8 22. Nd5 Rae8 23. Nxf6 Nxf6 24. Bd4 Re6 25. Qg2 Qxg2+ 26. Kxg2 Rxe4 27.
Bf3 Re7 28. Bc3 Rc8 29. Rd6 Re6 30. Rxe6 fxe6 31. Rd1 Rc7 32. Be5 Rf7 33. Rd4
Kh7 34. Rf4 Kg7 35. c5 g5 36. Rxf6 Rxf6 37. Bxb7 Kg6 38. Bxf6 Kxf6 39. c6 1-0

[Event "Godesberg 2- Plettenberg"]
[Site "?"]
[Date "2023.02.19"]
[Round "5.6"]
[White "Koegler, Christof"]
[Black "Schmidt, Moritz"]
[Result "1-0"]
[WhiteElo "1966"]
[BlackElo "1463"]
[PlyCount "75"]
[SourceVersionDate "2023.06.22"]

1. d4 Nf6 2. Nf3 e6 3. e3 c5 4. Bd3 Nc6 5. O-O d5 6. b3 Bd6 7. Bb2 O-O 8. Nbd2
a6 9. a3 b5 10. dxc5 Bxc5 11. e4 dxe4 12. Nxe4 Nxe4 13. Bxe4 Bb7 14. Qe1 b4 15.
Bxc6 Bxc6 16. Qe5 Qf6 17. Qxc5 Qxb2 18. Qxc6 bxa3 19. Rfb1 Rfc8 20. Qe4 Qxc2
21. Qxc2 Rxc2 22. Rxa3 h6 23. h4 Rc5 24. b4 Rb5 25. Nd4 Rb6 26. Rc3 Rab8 27.
Nc6 R8b7 28. Rbc1 Kh7 29. Rc5 Rc7 30. f4 f5 31. R1c4 h5 32. Kf2 Rb5 33. Rxb5
axb5 34. Rc5 g6 35. Nd4 Rb7 36. Nxe6 Kg8 37. Rc8+ Kf7 38. Nd8+ 1-0

[Event "Godesberg 2- Plettenberg"]
[Site "?"]
[Date "2023.02.19"]
[Round "5.8"]
[White "Selalmazidis, Arsenis"]
[Black "Dursun, Ali Berk"]
[Result "1-0"]
[WhiteElo "2055"]
[BlackElo "1429"]
[PlyCount "97"]
[SourceVersionDate "2023.06.22"]

1. d4 d5 2. Nf3 Bf5 3. c4 c6 4. Nc3 Nf6 5. cxd5 cxd5 6. Qb3 b6 7. Bf4 Nc6 8.
Ne5 Rc8 9. Qa4 Bd7 10. Nxd7 Qxd7 11. e3 e6 12. Ba6 Ra8 13. Bb5 Rc8 14. O-O Bd6
15. Ba6 Rb8 16. Bxd6 Qxd6 17. Bb5 Rc8 18. Qxa7 Ng4 19. g3 h5 20. Qb7 O-O 21.
Qxb6 h4 22. Kg2 Rfe8 23. Rac1 Re7 24. Na4 Rec7 25. Rc3 hxg3 26. hxg3 e5 27. Be2
f5 28. Qc5 Qe6 29. dxe5 Ncxe5 30. Qd4 Rxc3 31. Nxc3 Rd8 32. Rd1 Qh6 33. Rh1 Qe6
34. b4 Nf6 35. b5 Rb8 36. a4 Nc4 37. Rd1 Rd8 38. Bxc4 Kh7 39. Nxd5 Nxd5 40.
Qh4+ Kg6 41. Qxd8 Qe4+ 42. Kh2 Nf6 43. Be2 Qc2 44. Rd2 Qxa4 45. b6 Ne4 46. Rd6+
Nxd6 47. Qxd6+ Kg5 48. f4+ Qxf4 49. exf4# 1-0

[Event "Holsterhausen- Düsseldorf Süd"]
[Site "?"]
[Date "2023.02.19"]
[Round "5.1"]
[White "Gula, Julian"]
[Black "Schwalen, Peter"]
[Result "1-0"]
[WhiteElo "2132"]
[BlackElo "2086"]
[PlyCount "85"]
[SourceVersionDate "2023.06.22"]

1. Nf3 c5 2. e3 Nf6 3. d4 cxd4 4. exd4 g6 5. Bf4 Bg7 6. c3 d6 7. Bc4 a6 8. O-O
O-O 9. Re1 Qc7 10. Nbd2 Nc6 11. a4 Bf5 12. h3 Rae8 13. Qe2 Qd8 14. d5 Nb8 15.
Nd4 Bc8 16. Bh2 Nfd7 17. N2f3 Nb6 18. Bb3 a5 19. Qb5 N6d7 20. Bc2 Na6 21. Rad1
Ndc5 22. Qc4 Qb6 23. Nb5 Nc7 24. b4 N5a6 25. Nxc7 Nxc7 26. b5 Na8 27. Re3 Qd8
28. Rde1 Nb6 29. Qb3 Nd7 30. Nd4 Bf6 31. Bf4 Kg7 32. g4 h6 33. Be4 Qb6 34. Qd1
Ne5 35. Bg3 Nc4 36. R3e2 Bd7 37. f4 e5 38. dxe6 Rxe6 39. Bf2 Qc7 40. Nxe6+ Bxe6
41. Bd4 Bxd4+ 42. Qxd4+ Kg8 43. Bxg6 1-0

[Event "Holsterhausen- Düsseldorf Süd"]
[Site "?"]
[Date "2023.02.19"]
[Round "5.2"]
[White "Walbaum, Klaus"]
[Black "Kontorovitch, Vladimir"]
[Result "1/2-1/2"]
[WhiteElo "2117"]
[BlackElo "2097"]
[PlyCount "74"]
[SourceVersionDate "2023.06.22"]

1. d4 Nf6 2. Nf3 e6 3. g3 c5 4. Bg2 Be7 5. O-O O-O 6. c4 d6 7. Nc3 Nbd7 8. h3
a6 9. Qc2 Qc7 10. dxc5 Nxc5 11. Be3 Rb8 12. Nd4 g6 13. Rac1 e5 14. Nf3 Be6 15.
b3 Rfc8 16. Qd2 Nfe4 17. Nxe4 Nxe4 18. Qb2 f5 19. h4 Bf6 20. Ng5 Nxg5 21. hxg5
Bg7 22. Rfd1 Rd8 23. Bd5 Qf7 24. Bb6 Rd7 25. Qd2 Re8 26. e3 h6 27. gxh6 Bxh6
28. Bxe6 Qxe6 29. Qd5 Ree7 30. Rc2 Kf7 31. Rcd2 Qxd5 32. Rxd5 Ke6 33. Kg2 Rh7
34. Ba5 Bf8 35. Bc3 Rc7 36. Bb4 Rc6 37. Ba3 Be7 1/2-1/2

[Event "Holsterhausen- Düsseldorf Süd"]
[Site "?"]
[Date "2023.02.19"]
[Round "5.3"]
[White "Tagsold, Christian"]
[Black "Kortenbusch, Christoph"]
[Result "0-1"]
[WhiteElo "2140"]
[BlackElo "2060"]
[Annotator "daniel"]
[PlyCount "84"]
[SourceVersionDate "2023.06.22"]

1. e4 c5 2. Nf3 d6 3. d4 cxd4 4. Qxd4 Nf6 5. Be2 Nc6 6. Qe3 d5 7. exd5 Nxd5 8.
Qb3 e6 9. O-O Qb6 10. Bc4 Qxb3 11. Bxb3 Be7 12. Re1 O-O 13. Nbd2 Rd8 $11 14.
Nc4 b5 15. Nce5 Nxe5 16. Nxe5 Bb7 17. Bd2 a5 18. a3 a4 19. Ba2 Rac8 20. Rac1
Bf6 21. Nd3 Nb6 22. Ba5 Rd6 23. Bxb6 Rxb6 24. c3 Rd6 25. Bb1 Rcd8 26. Nc5 Bc6
27. Bc2 Bg5 28. Rb1 Be7 29. Ne4 R6d7 30. Kf1 f5 31. Ng3 Kf7 32. Rbd1 Bd5 33.
Ne2 e5 34. Ng3 g6 35. f3 Kf6 36. Ne2 h5 37. Nc1 Bc5 38. Bd3 Bc4 39. Ke2 Rxd3
40. Nxd3 e4 41. fxe4 fxe4 42. Kd2 Bxd3 0-1

[Event "Holsterhausen- Düsseldorf Süd"]
[Site "?"]
[Date "2023.02.19"]
[Round "5.4"]
[White "Sicars, Thorsten"]
[Black "Hoffmann, Andre"]
[Result "1-0"]
[WhiteElo "2017"]
[BlackElo "2007"]
[PlyCount "111"]
[SourceVersionDate "2023.06.22"]

1. c4 e5 2. Nc3 Nf6 3. Nf3 Nc6 4. e3 d5 5. cxd5 Nxd5 6. Bb5 Nxc3 7. bxc3 Bd6 8.
d4 exd4 9. cxd4 O-O 10. O-O a6 11. Bd3 Bg4 12. h3 Bh5 13. Rb1 Rb8 14. Bd2 Qf6
15. Be2 Bg6 16. Rb3 Be4 17. Bc3 Qg6 18. Rb2 Ne7 19. Ne1 Nf5 20. Bb4 Qg5 21.
Bxd6 cxd6 22. Nf3 Qd8 23. Bd3 d5 24. Bxe4 dxe4 25. Nd2 Re8 26. Qb1 Qd5 27. Rc1
b5 28. Rc5 Qe6 29. Re5 Qg6 30. Rxe4 Nd6 31. Rxe8+ Rxe8 32. Qxg6 hxg6 33. Rc2
Rc8 34. Rxc8+ Nxc8 35. Nb3 Nb6 36. Kf1 Nd5 37. Ke1 Nc3 38. Nc1 b4 39. f3 a5 40.
Kd2 a4 41. e4 f5 42. Kd3 a3 43. Kc4 fxe4 44. fxe4 Nxe4 45. Kxb4 Kf7 46. Kxa3
Ke6 47. Kb4 Kd5 48. Ne2 g5 49. a4 Nd6 50. a5 g6 51. Nc3+ Kxd4 52. Nb5+ Kd5 53.
Nxd6 Kxd6 54. Kb5 Kc7 55. Kc5 Kb7 56. g4 1-0

[Event "Holsterhausen- Düsseldorf Süd"]
[Site "?"]
[Date "2023.02.19"]
[Round "5.5"]
[White "Reinartz, Achim"]
[Black "Bobzin, Pierre"]
[Result "1/2-1/2"]
[WhiteElo "1958"]
[BlackElo "2112"]
[PlyCount "129"]
[SourceVersionDate "2023.06.22"]

1. d4 Nf6 2. Nf3 d6 3. g3 g6 4. Bg2 Bg7 5. O-O O-O 6. c4 Nbd7 7. Nc3 e5 8. dxe5
dxe5 9. Qc2 c6 10. Bg5 h6 11. Bd2 Qe7 12. Nh4 Nc5 13. Rad1 a5 14. Na4 Nxa4 15.
Qxa4 e4 16. Bh1 Bg4 17. Rfe1 Qc5 18. Ng2 b5 19. Qc2 Qxc4 20. Qxc4 bxc4 21. Ne3
Be6 22. Bc3 Nd5 23. Bxg7 Kxg7 24. Bxe4 Nxe3 25. fxe3 Rab8 26. Rd2 Rb6 27. Rc1
Rfb8 28. Rcc2 Kf6 29. Kf2 Ke5 30. Bf3 f5 31. b3 cxb3 32. Rc5+ Bd5 33. Bxd5 cxd5
34. Rdxd5+ Ke6 35. axb3 Rxb3 36. Rxa5 R8b6 37. Re5+ Kf6 38. e4 fxe4 39. Rxe4 g5
40. h4 gxh4 41. Rxh4 Kg6 42. Rg4+ Kf6 43. Rg8 Kf7 44. Raa8 Rf6+ 45. Kg2 Rbb6
46. Raf8+ Ke7 47. Re8+ Kf7 48. Rgf8+ Kg7 49. Rxf6 Kxf6 50. Kf3 Rb4 51. e4 Rb1
52. Rf8+ Kg7 53. Rf5 Kg6 54. Kg4 Re1 55. Kf4 Ra1 56. Rb5 Rf1+ 57. Kg4 Rf6 58.
e5 h5+ 59. Kh3 Rf1 60. Rb6+ Kg5 61. e6 Re1 62. Kg2 Kg4 63. Kf2 Re4 64. Ra6 Re5
65. Rb6 1/2-1/2

[Event "Holsterhausen- Düsseldorf Süd"]
[Site "?"]
[Date "2023.02.19"]
[Round "5.6"]
[White "Lindenmaier, Reinhard"]
[Black "Huenemeyer, Dirk"]
[Result "1/2-1/2"]
[WhiteElo "2076"]
[BlackElo "1977"]
[PlyCount "27"]
[SourceVersionDate "2023.06.22"]

1. c4 c5 2. g3 g6 3. Bg2 Bg7 4. Nc3 Nc6 5. Nf3 e5 6. O-O Nge7 7. a3 O-O 8. Rb1
a5 9. d3 d6 10. Nd5 Rb8 11. Bd2 Nxd5 12. cxd5 Ne7 13. e4 b6 14. b4 1/2-1/2

[Event "Holsterhausen- Düsseldorf Süd"]
[Site "?"]
[Date "2023.02.19"]
[Round "5.8"]
[White "Westendorp, Christian"]
[Black "Hamm, Norbert"]
[Result "1/2-1/2"]
[WhiteElo "1771"]
[BlackElo "1918"]
[PlyCount "87"]
[SourceVersionDate "2023.06.22"]

1. d4 Nf6 2. c4 g6 3. Nc3 Bg7 4. e4 O-O 5. f4 d6 6. Nf3 c5 7. d5 e6 8. Be2 exd5
9. cxd5 Re8 10. e5 dxe5 11. fxe5 Ng4 12. Bg5 f6 13. exf6 Bxf6 14. Bxf6 Qxf6 15.
O-O Ne3 16. Qa4 Bd7 17. Qb3 Qb6 18. Qxb6 axb6 19. Ng5 Nxf1 20. Rxf1 h6 21. Ne6
Bxe6 22. dxe6 Rf8 23. Rd1 Nc6 24. Rd7 Ne5 25. Rxb7 Rab8 26. Rc7 Rfc8 27. Rxc8+
Rxc8 28. Nd5 Kf8 29. Bb5 Nc6 30. Nxb6 Rc7 31. a4 Ne7 32. a5 Kg7 33. Nd7 Nc8 34.
Bc4 Nd6 35. Bd5 Ra7 36. Nxc5 Rxa5 37. b4 Rb5 38. e7 Rxb4 39. Nb7 Rxb7 40. Bxb7
Kf7 41. e8=Q+ Kxe8 42. Bd5 Ke7 43. Kf2 Kf6 44. Kf3 1/2-1/2

[Event "Welper- Euskirchen"]
[Site "?"]
[Date "2023.02.19"]
[Round "5.1"]
[White "Vandenbergen, Nicolas"]
[Black "Sohlmann, Jan- Henning"]
[Result "0-1"]
[WhiteElo "2102"]
[BlackElo "2249"]
[PlyCount "98"]
[SourceVersionDate "2023.06.22"]

1. Nc3 g6 2. d4 Bg7 3. e4 c5 4. d5 d6 5. Nf3 Nf6 6. Be2 O-O 7. O-O Bg4 8. a4
Na6 9. Bf4 Nd7 10. Nd2 Bxe2 11. Qxe2 Nb4 12. Nc4 Nb6 13. Ne3 Rc8 14. a5 Nd7 15.
Nc4 Qc7 16. Nb5 Qb8 17. Bg3 Ne5 18. Ne3 Rfd8 19. f4 Nd7 20. Nc4 Nf6 21. Rad1 a6
22. Nba3 e6 23. Nb6 exd5 24. Nxc8 Qxc8 25. c3 Nc6 26. exd5 Nxa5 27. f5 gxf5 28.
b4 cxb4 29. cxb4 Qc3 30. Nc2 Qc4 31. Qd3 Qxd3 32. Rxd3 Nc4 33. Rxf5 Re8 34.
Rdf3 Ne4 35. Bh4 b5 36. Rxf7 Ne5 37. Rxg7+ Kxg7 38. Ra3 Rc8 39. Ne1 Rc1 40. h3
Ng6 41. Bf2 Nf4 42. Bd4+ Kg6 43. Re3 Nc3 44. Kh2 Ncxd5 45. Re8 Kf7 46. Re4 Rc4
47. Nf3 Ne6 48. Rh4 Nxd4 49. Nxd4 Nf6 0-1

[Event "Welper- Euskirchen"]
[Site "?"]
[Date "2023.02.19"]
[Round "5.3"]
[White "Herzwurm, Robert"]
[Black "Kemna, Guido"]
[Result "1-0"]
[WhiteElo "1899"]
[BlackElo "2164"]
[PlyCount "59"]
[SourceVersionDate "2023.06.22"]

1. e4 c6 2. d4 d5 3. e5 g6 4. Nf3 Bg4 5. Nbd2 Nd7 6. h3 Bxf3 7. Nxf3 e6 8. c3
Ne7 9. Bd3 c5 10. dxc5 Nxc5 11. Bb5+ Nc6 12. b4 Nd7 13. O-O Bg7 14. Re1 O-O 15.
Bxc6 bxc6 16. Bg5 Qc8 17. Rc1 Nb6 18. Qd2 f6 19. exf6 Bxf6 20. Bxf6 Rxf6 21.
Ne5 Rf8 22. Qd4 Nd7 23. Ng4 h5 24. Rxe6 hxg4 25. Rxg6+ Kf7 26. Qg7+ Ke8 27.
Re1+ Kd8 28. Qe7+ Kc7 29. Ree6 Qe8 30. Qd6+ 1-0

[Event "Welper- Euskirchen"]
[Site "?"]
[Date "2023.02.19"]
[Round "5.4"]
[White "Bastians, Felix"]
[Black "Brinkmann, Sven"]
[Result "1/2-1/2"]
[WhiteElo "2184"]
[BlackElo "2050"]
[Annotator "daniel"]
[PlyCount "82"]
[SourceVersionDate "2023.06.22"]

1. Nf3 Nf6 2. c4 d6 3. g3 e5 4. Bg2 Nc6 5. Nc3 g6 6. d4 exd4 7. Nxd4 Ne5 8. O-O
Bg7 9. b3 O-O 10. Bb2 Rb8 11. Qd2 Bd7 12. Rad1 Qc8 13. Nd5 Re8 14. Nf4 a6 15.
Qc3 Nc6 16. Qc1 Nxd4 17. Bxd4 Bc6 18. Bxc6 bxc6 19. Rfe1 Qf5 20. f3 Nh5 21.
Nxh5 Bxd4+ 22. Rxd4 Qxh5 23. Kg2 Qc5 24. Rh4 Qe3 25. Qxe3 Rxe3 $11 26. Rd4 Rbe8
27. Kf2 c5 28. Rd3 Rxd3 29. exd3 Rxe1 30. Kxe1 Kf8 31. Kd2 Ke7 32. Ke3 Ke6 33.
Kf4 h6 34. h4 f5 35. g4 fxg4 36. fxg4 c6 37. Ke4 d5+ 38. Kf4 a5 39. Kf3 Ke5 40.
Ke3 Kd6 41. Kf4 Ke6 1/2-1/2

[Event "Welper- Euskirchen"]
[Site "?"]
[Date "2023.02.19"]
[Round "5.5"]
[White "Scholzen, Wolfgang"]
[Black "Schaller, Fabian"]
[Result "0-1"]
[WhiteElo "2033"]
[BlackElo "2050"]
[PlyCount "78"]
[SourceVersionDate "2023.06.22"]

1. d4 e6 2. c4 Nf6 3. Nf3 c5 4. e3 cxd4 5. exd4 b6 6. Bd3 Bb7 7. O-O Be7 8.
Nbd2 O-O 9. b3 d5 10. Bb2 Nc6 11. Rc1 dxc4 12. Nxc4 Nd5 13. Nce5 Nxe5 14. Nxe5
Nf4 15. f3 Bd6 16. Nc4 Qg5 17. Rc2 Nxd3 18. Nxd6 Qe3+ 19. Kh1 Ba6 20. Nc4 Bxc4
21. bxc4 Nxb2 22. Rxb2 Rfd8 23. Rd2 Rac8 24. Rd3 Qf4 25. g3 Qc7 26. c5 bxc5 27.
dxc5 Rxd3 28. Qxd3 Qxc5 29. Rd1 h6 30. a4 g6 31. Rb1 Qc7 32. Rd1 Qc6 33. a5 h5
34. Rb1 Qc7 35. a6 Rd8 36. Qb3 Qc6 37. Rd1 Rxd1+ 38. Qxd1 Qxa6 39. Qd8+ Kh7 0-1

[Event "Welper- Euskirchen"]
[Site "?"]
[Date "2023.02.19"]
[Round "5.6"]
[White "Linde, Wolfgang"]
[Black "Reckers, Sebastian"]
[Result "1-0"]
[WhiteElo "2077"]
[BlackElo "1973"]
[PlyCount "119"]
[SourceVersionDate "2023.06.22"]

1. d4 Nf6 2. Nf3 g6 3. c4 Bg7 4. e3 O-O 5. Be2 c5 6. d5 d6 7. Nc3 e6 8. O-O
exd5 9. cxd5 a6 10. a4 Re8 11. Nd2 Nbd7 12. e4 Rb8 13. h3 c4 14. Bxc4 Nc5 15.
Re1 Bd7 16. a5 b5 17. axb6 Qxb6 18. Ra3 Nh5 19. Nb3 Bxc3 20. bxc3 Nxe4 21. Qd4
Nc5 22. Rxe8+ Bxe8 23. Be3 Nd7 24. Rxa6 Qxd4 25. Nxd4 Nb6 26. Nc6 Bxc6 27. Rxb6
Rxb6 28. Bxb6 Bb7 29. Bb3 Nf4 30. c4 Ba6 31. c5 dxc5 32. Bxc5 Bb5 33. Be7 Ne2+
34. Kh2 Nd4 35. Ba2 Nf5 36. Bc5 h5 37. g4 hxg4 38. hxg4 Ng7 39. Kg3 Bd7 40. f3
Ne8 41. Kf4 f6 42. Ke3 Kg7 43. Bc4 g5 44. Ba6 f5 45. gxf5 Bxf5 46. Bb5 Nf6 47.
Kd4 Nd7 48. Be7 g4 49. f4 g3 50. Bf1 Nf6 51. Bg2 Kf7 52. Bb4 Bc8 53. Be1 Nh5
54. Ke5 Ke7 55. Bf3 g2 56. Bxg2 Ng7 57. Bh4+ Ke8 58. Be4 Kd7 59. Bg6 Ne8 60. f5
1-0